| 000 | 00795cab a2200253 4500 | ||
|---|---|---|---|
| 001 | WB3319-33 | ||
| 008 | 090401t1997 xxu||||| |||| 00| 0 eng d | ||
| 035 | _a(Sirsi) u78339 | ||
| 041 | _aeng | ||
| 245 | _aLocal authorities can spend on projects | ||
| 260 | _c1997 | ||
| 350 | _a0 | ||
| 490 |
_aFinancial Times _v15 May 1997, 10 |
||
| 490 |
_aTimes _v15 May 1997, 11(2) |
||
| 520 | _aLocal authorities are to be allowed to spend up to £5bn in accumulated capital receipts on new housing projects under a bill designed to renovate decaying homes and tackle homelessness. | ||
| 650 | _aCAPITAL RECEIPTS | ||
| 650 | _aLOCAL AUTHORITIES | ||
| 650 | _aNEW HOUSING | ||
| 650 | _aQUEENS SPEECH | ||
| 650 | _aSOCIAL HOUSING | ||
| 690 | _aHOUSING | ||
| 942 | _n0 | ||
| 948 | _c15/05/1997 | ||
| 999 |
_c49301 _d49301 |
||